Геодезический контроль прямолинейности и соосности в строительстве

Bibliographische Detailangaben
1. Verfasser: Ямбаев Х. К. Харьес Каюмович
Sprache:Russisch
Veröffentlicht: Москва, Недра, 1986
Schlagworte:
Format: MixedMaterials Buch
KOHA link:https://koha.lib.tpu.ru/cgi-bin/koha/opac-detail.pl?biblionumber=102970

MARC

LEADER 00000nam0a2200000 4500
001 102970
005 20231031113159.0
020 |a RU  |b 86-85188 
035 |a (RuTPU)RU\TPU\book\111017 
090 |a 102970 
100 |a 20061010d1986 k a0rusy5003 ca 
101 0 |a rus 
102 |a RU 
105 |a a z 001zy 
200 1 |a Геодезический контроль прямолинейности и соосности в строительстве  |f Х. К. Ямбаев 
210 |a Москва  |c Недра  |d 1986 
215 |a 263,[1] с.  |c ил.  |d 23 см 
320 |a Библиогр.: с. 262 (19 назв.) 
610 1 |a геодезические работы 
610 1 |a строительство 
610 1 |a соосность 
610 1 |a створные измерения 
610 1 |a геодезические методы 
610 1 |a лазерные створофиксаторы 
675 |a 69:528  |z rus 
700 1 |a Ямбаев  |b Х. К.  |g Харьес Каюмович  |4 070 
801 0 |a RU  |b RuMRKP  |c 19950704  |g psbo 
801 1 |a RU  |b 63413507  |c 20061010  |g PSBO 
801 2 |a RU  |b 63413507  |c 20130610  |g PSBO 
942 |c BK